| 000 | 00539nam a2200193 4500 | ||
|---|---|---|---|
| 001 | 136021 | ||
| 003 | ES-MaACL | ||
| 005 | 20230906195021.0 | ||
| 007 | t| | ||
| 008 | 070214s1965 sp r ||||1| spa d | ||
| 100 | 1 |
_aRovira Tenas, Josep. _9100157 |
|
| 245 | 1 | 0 |
_aPor una renovación parroquial / _cJosep Rovira Tenas. |
| 260 |
_aMadrid : _bEuramérica, _c1965. |
||
| 300 |
_a176 p. ; _c18 cm. |
||
| 490 | 1 | _aCol. mundo mejor | |
| 830 | 0 |
_aCol. mundo mejor _9187521 |
|
| 852 |
_aES-MaACL _jC-28901 _bR.57802 |
||
| 999 |
_c136021 _d136021 |
||